000 00338nam a22001337a 4500
008 250703b |||||||| |||| 00| 0 eng d
020 _a088130889
050 _aHD9000
_b.R44
100 _aNIL
245 _aReforming World Agricultural Trade
260 _aUSA.
_bInstitute of International Economics
_c1988
300 _a32p.
942 _cBK
999 _c4109
_d4109